Statistics for Top 50 Countries By Military Ranking 15/08/2020

Click here to take the quiz!

General Stats

  • This quiz has been taken 122 times
  • The average score is 10 of 50

Answer Stats

RankCountry% Correct
3China
99%
2Russia
99%
4India
95%
1USA
94%
5Japan
76%
7France
66%
6South Korea
65%
8UK
61%
11Turkey
31%
10Brazil
29%
12Italy
28%
9Egypt
26%
13Germany
22%
15Pakistan
22%
14Iran
20%
16indonesia
16%
17Saudi Arabia
16%
18Israel
15%
20Spain
14%
21Poland
12%
19Australia
11%
25North Korea
11%
24Canada
9%
22Vietnam
9%
23Thailand
7%
27Ukraine
7%
26Taiwan
6%
32Sweden
4%
33Greece
3%
50Iraq
3%
36Netherlands
3%
30Switzerland
3%
45UAE
3%
28Algeria
2%
43Argentina
2%
38Mexico
2%
29South Africa
2%
47Chile
1%
49Denmark
1%
44Malaysia
1%
35Myanmar
1%
48Philippines
1%
39Romania
1%
46Bangladesh
0%
37Colombia
0%
34Czech Republic
0%
42Nigeria
0%
31Norway
0%
40Peru
0%
41Venezuela
0%

Score Distribution

Percentile by Number Answered

Percent of People with Each Score

Your Score History

You have not taken this quiz